| 000 | 01193nac a22003491u 4500 | ||
|---|---|---|---|
| 999 |
_c7393 _d7393 |
||
| 003 | EG-ScBUE | ||
| 005 | 20210322113817.0 | ||
| 008 | 200219t1997 alu f 000 0 eng d | ||
| 020 | _a0817308873 | ||
| 020 | _a9780817308872 | ||
| 040 |
_aEG-ScBUE _beng _erda _cEG-ScBUE _dEG-ScBUE |
||
| 082 | 0 | 4 |
_a792 _bDRA _222 |
| 245 | 0 | 0 |
_aDrama as rhetoric, rhetoric as drama : _ban exploration of dramatic and rhetorical criticism. _nvolume 5 / _ceditors, Stanley Vincent Longman, University of Georgia, [and three others] |
| 264 | 1 |
_aAlabama : _bSoutheastern Theatre Conference : _bThe University of Alabama Press, _c[1997] |
|
| 264 | 4 | _cc1997 | |
| 300 |
_a143 pages ; _c19 cm. |
||
| 336 |
_2rdacontent _atext _btxt |
||
| 337 |
_2rdamedia _aunmediated _bn |
||
| 338 |
_2rdacarrier _avolume _bnc |
||
| 490 | 0 | _aTheatre Symposium | |
| 500 | _a Selected papers. | ||
| 500 | _aDistributer: Al-Ahram. | ||
| 650 |
_adrama . _2BUEsh |
||
| 650 | 7 |
_aDrama. _2BUEsh |
|
| 650 | 7 |
_aRhetoric. _2BUEsh |
|
| 650 | 7 |
_aToneel. _2BUEsh |
|
| 651 | _2BUEsh | ||
| 653 |
_bHHUUEENN _cMarch2021 |
||
| 655 |
_vReading book _934232 |
||
| 700 | 1 |
_aLongman, Stanley Vincent, _eeditor. |
|
| 942 |
_cBB _k822LON _2ddc |
||